000 00956cam a22002411 4500
001 e 17001189
003 DLC
005 20260227111208.0
008 790412s1917 dcua 000 0 eng c
010 _ae 17001189
035 _a(OCoLC)4848791
040 _aLibrary, U.S. Bur. of Education
_cOCl
_dOCoLC
_dDLC
050 0 0 _aL111
_b.A6 1917, no. 22
051 _aLB41
_b.E4
100 1 _aEllis, A. Caswell
_q(Alexander Caswell),
_d1871-1948.
245 1 4 _aThe money value of education,
_cby A. Caswell Ellis.
260 _aWashington,
_bGovt. print. off.,
_c1917.
300 _a2 p. l., 3-52 p.
_billus.
_c23 cm.
490 0 _a[U.S.] Bureau of education. Bulletin, 1917,
_vno. 22
500 _aAt head of title: Department of the interior.
501 _aL111.A6 with: Studies in higher education in England and Scotland / George Edwin MacLean. Washington : Govt. Print. Off., 1917. Bound together subsequent to publication.
_5DLC
650 0 _aEducation.
999 _c20134
_d20134